Fr. Conceicao Rodrigues College of Engineering

Quantitative Aptitude (Record no. 27910)

MARC details
000 -LEADER
fixed length control field 00234nam a2200121Ia 4500
100 ## - MAIN ENTRY--PERSONAL NAME
Personal name Aggarwal/R.S
245 ## - TITLE STATEMENT
Title Quantitative Aptitude
260 ## - PUBLICATION, DISTRIBUTION, ETC.
Name of publisher, distributor, etc. S.Chand
Date of publication, distribution, etc. 2017
300 ## - PHYSICAL DESCRIPTION
Extent 952
546 ## - LANGUAGE NOTE
Language note ENGLISH
942 ## - ADDED ENTRY ELEMENTS (KOHA)
Koha item type BOOK
Holdings
Withdrawn status Lost status Damaged status Not for loan Collection Home library Current library Date acquired Total Checkouts Total Renewals Full call number Barcode Date due Date last seen Date last checked out Price effective from Koha item type
        CRC Fr. Agnel's C.Rodrigues College of Engineering Fr. Agnel's C.Rodrigues College of Engineering 17/03/2023 8 3 24769 23/03/2026 23/12/2025 23/12/2025   BOOK